000 00331nam a2200145Ia 4500
100 _aRogers/ Adams
942 _cBK
654 _aMathematical elements
245 _aMathematical Elements for Comp graphics
260 _bMc Graw Hill
_aNew York
_c1990
082 _a6.6
_bPAN
300 _a630
546 _aENGLISH
999 _c31680
_d31680